书目信息 |
| 题名: |
动物发育的分子原理
|
|
| 作者: | 阿里亚斯 , 斯图尔德 著 ;樊启昶 , 滕俊琳 主译 | |
| 分册: | ||
| 出版信息: | 北京 高等教育出版社 2006 |
|
| 页数: | 391页 | |
| 开本: | 26cm | |
| 丛书名: | ||
| 单 册: | ||
| 中图分类: | Q418 | |
| 科图分类: | ||
| 主题词: | 动物--发育生物学--分子生物学 | |
| 电子资源: | ||
| ISBN: | 7-04-018474-5 | |
| 000 | 01087nam0 2200265 450 | |
| 001 | 1574235620 | |
| 005 | 20150117203738.57 | |
| 010 | @a7-04-018474-5@dCNY98.00 | |
| 100 | @a20060104d2006 em y0chiy50 ea | |
| 101 | 1 | @achi@ceng |
| 102 | @aCN@b110000 | |
| 105 | @aa z 000yy | |
| 200 | 1 | @a动物发育的分子原理@9dong wu fa yu de tu fen zi yuan li@dMolecular principles of animal development@f(英)Alfonso Martinez Arias,(英)Alison Stewart著@g樊启昶,滕俊琳主译@zeng |
| 210 | @a北京@c高等教育出版社@d2006 | |
| 215 | @a391页@c图@d26cm | |
| 330 | @a本书从分子和分子程式的角度讨论胚胎的形体构建,以遗传学为工具来解析和组织发育过程所展示的分子信息。 | |
| 510 | 1 | @aMolecular principles of animal development@zeng |
| 606 | 0 | @a动物@x发育生物学@x分子生物学 |
| 690 | @aQ418@v5 | |
| 701 | 0 | @c(英)@a阿里亚斯@9a li ya si@c(Arias, Alfonso Martinez)@4著 |
| 701 | 0 | @c(英)@a斯图尔德@9si tu er de@c(Stewart, Alison)@4著 |
| 702 | 0 | @a樊启昶@9fan qi chang@f(1945~)@4主译 |
| 702 | 0 | @a滕俊琳@9teng jun lin@c(女,@f1962.1~)@4主译 |
| 801 | 0 | @aCN@bTSSF@c20150117 |
| 905 | @aZUCC@dQ418@eJY1 | |
| 动物发育的分子原理=Molecular principles of animal development/(英)Alfonso Martinez Arias,(英)Alison Stewart著/樊启昶,滕俊琳主译.-北京:高等教育出版社,2006 |
| 391页:图;26cm |
| ISBN 7-04-018474-5:CNY98.00 |
| 本书从分子和分子程式的角度讨论胚胎的形体构建,以遗传学为工具来解析和组织发育过程所展示的分子信息。 |
| ● |
| 相关链接 |
|
|
|
|
正题名:动物发育的分子原理
索取号:Q418/JY1
 
预约/预借
| 序号 | 登录号 | 条形码 | 馆藏地/架位号 | 状态 | 备注 |
| 1 | 7853296 | 278532964 | 学院路分馆/ [索取号:Q418/JY1] | 在馆 | |
| 2 | 7853297 | 278532973 | 学院路分馆/ [索取号:Q418/JY1] | 在馆 |